| 000 | 00757nam a2200229 u 4500 | ||
|---|---|---|---|
| 005 | 20241203063744.0 | ||
| 008 | 150126s2005 r 000 0 eng d | ||
| 020 | _a9788421694589 | ||
| 035 | _aUPN01000201442 | ||
| 049 | _aI | ||
| 050 | 4 |
_aPZ33 _bK5.2 |
|
| 100 | 1 |
_aKnister, _d1952- _931990 |
|
| 245 | 0 | 3 |
_aEl dinosaurio salvaje / _cKnister ; tr. Rosa Pilar Blanco ; il. Birgit Rieger. |
| 260 |
_aBarcelona, Esp. : _bBruño, _c2005. |
||
| 300 |
_a59 p. : _bil. col. |
||
| 440 | 0 |
_aKika Superbruja y Dani ; _v5 |
|
| 534 |
_pTítulo original: _tHexe Lilli und die wilden dinos |
||
| 650 | 4 |
_aCuentos infantiles alemanes _98589 |
|
| 650 | 4 |
_aDinosaurios _vLiteratura infantil _99370 |
|
| 650 | 4 |
_aBRUJAS - _vLITERATURA INFANTIL _94409 |
|
| 905 | _aInfantil | ||
| 999 |
_c173543 _d173543 |
||